|
|
|
|
| LEADER |
00690nam a22002051a 4500 |
| 020 |
|
|
|a 9788190709514
|c 0.00
|
| 040 |
|
|
|a SSUS - Library - Kalady
|
| 082 |
|
|
|a H 333.7
|b ANI/M
|
| 100 |
|
|
|a AnilKumar Misra
|
| 245 |
|
|
|a Manav aur paryavaran pradhushan
|h [Text]
|
| 260 |
|
|
|a Delhi
|b Ridhika Prakasan
|c 2012
|
| 300 |
|
|
|a 207p.
|
| 600 |
|
|
|a Social Sciences
|
| 600 |
|
|
|a Economics
|
| 600 |
|
|
|a Globalization
|
| 700 |
|
|
|a Sudhir Kumar Misra
|
| 852 |
|
|
|h H 333.7
|i ANI/M
|p 067778
|9 350.00
|t 0
|
| 942 |
|
|
|c BK
|
| 999 |
|
|
|c 27452
|d 27452
|
| 952 |
|
|
|0 0
|1 0
|4 0
|6 H_333_700000000000000_ANI_M
|7 0
|9 39558
|a SSUS
|b SSUS
|d 2015-01-08
|g 350.00
|l 11
|o H 333.7 ANI/M
|p 067778
|q 2020-03-03
|r 2020-02-18
|s 2020-02-18
|v 0.00
|w 2015-01-08
|y BK
|